| 000 | 00496nam a22001937a 4500 | ||
|---|---|---|---|
| 003 | OSt | ||
| 005 | 20140310182844.0 | ||
| 008 | 130611t xxu||||| |||| 00| 0 eng d | ||
| 050 |
_aPS 3557 _b.G243 1967 |
||
| 082 |
_aM 812.54 _bG19 1967 |
||
| 245 |
_aMac Bird! _cGarson, Barbara |
||
| 260 |
_aNew York _bGrove Press, Inc. _cc1967. |
||
| 300 |
_axi, 109 p. : _bill. ; _c18 cm. |
||
| 521 | _aCollege Students | ||
| 526 | _c1210L-1700L | ||
| 541 | _j1 | ||
| 562 | _e1 | ||
| 942 |
_2lcc _cBK _kM |
||
| 999 |
_c16901 _d16901 |
||